[Event "Araraquara op 2nd"]
[Site "Araraquara"]
[Date "2024.02.12"]
[Round "6"]
[White "Sampaio, Andre Luiz"]
[Black "Biazon, Heloise De Oliveira"]
[Result "1/2-1/2"]
[WhiteElo "1624"]
[BlackElo "1063"]
[PlyCount "51"]
[EventDate "2024.02.10"]
[EventType "swiss"]
[EventRounds "7"]
[EventCountry "BRA"]
[SourceTitle "CB09_2024"]
[SourceDate "2024.02.28"]
[SourceVersion "1"]
[SourceVersionDate "2024.02.28"]
[SourceQuality "1"]

1. d4 e6 2. c4 d5 3. Nf3 Nf6 4. Bg5 c5 5. e3 Nc6 6. cxd5 exd5 7. Bb5 Qa5+ 8. Nc3 Ne4 9. Bxc6+ bxc6 10. 0-0 Nxc3 11. bxc3 Qxc3 12. Qa4 Bd7 13. Rab1 Qc4 14. Qa5 cxd4 15. exd4 f6 16. Rfe1+ Be7 17. Bf4 Kf7 18. Rb7 Rhd8 19. Bc7 Re8 20. Bd6 Rad8 21. Qxa7 Bxd6 22. Rxd7+ Rxd7 23. Qxd7+ Be7 24. Qe6+ Kf8 25. h4 Qa6 26. g3 1/2-1/2

[Event "Araraquara op 2nd"]
[Site "Araraquara"]
[Date "2024.02.11"]
[Round "4"]
[White "Montini, Thiago De Lima Mill"]
[Black "Biazon, Heloise De Oliveira"]
[Result "1-0"]
[WhiteElo "1626"]
[BlackElo "1063"]
[PlyCount "67"]
[EventDate "2024.02.10"]
[EventType "swiss"]
[EventRounds "7"]
[EventCountry "BRA"]
[SourceTitle "CB09_2024"]
[SourceDate "2024.02.28"]
[SourceVersion "1"]
[SourceVersionDate "2024.02.28"]
[SourceQuality "1"]

1. e4 e6 2. d4 d5 3. e5 c5 4. c3 Nc6 5. Nf3 Qb6 6. Bd3 Bd7 7. Bc2 Be7 8. a3 f6 9. b4 c4 10. a4 Qc7 11. 0-0 fxe5 12. b5 Na5 13. Nxe5 Nf6 14. Bg5 0-0 15. Nd2 h6 16. Bh4 a6 17. Ng6 Rf7 18. Nf3 Bd6 19. Nfe5 Bxe5 20. Nxe5 Rff8 21. b6 Qd6 22. Bb1 Ne4 23. Qc2 Nb3 24. Ra2 Nbd2 25. Re1 Nxb1 26. Rxb1 g5 27. f3 gxh4 28. fxe4 Rf6 29. Ng4 Rf4 30. e5 Qf8 31. Qg6+ Qg7 32. Nf6+ Kh8 33. Qxg7+ Kxg7 34. Nh5+ 1-0

[Event "Florianopolis op 9th"]
[Site "Florianopolis"]
[Date "2023.01.28"]
[Round "8"]
[White "Biazon, Heloise De Oliveira"]
[Black "Ludtke, Ezequiel Rodrigues"]
[Result "0-1"]
[WhiteElo "1773"]
[BlackElo "1538"]
[PlyCount "92"]
[EventDate "2023.01.23"]
[EventType "swiss"]
[EventRounds "10"]
[EventCountry "BRA"]
[SourceTitle "CBM 212 Extra"]
[Source "ChessBase"]
[SourceDate "2023.03.31"]
[SourceVersion "1"]
[SourceVersionDate "2023.03.31"]
[SourceQuality "1"]

1. d4 d5 2. Bf4 e6 3. e3 Bd6 4. Bg3 c6 5. Bd3 Nf6 6. Nf3 Bc7 7. 0-0 Nbd7 8. c3 b6 9. Nbd2 Bb7 10. c4 0-0 11. Qb3 Nh5 12. Bh4 Qc8 13. Qc2 h6 14. c5 Ba6 15. Bh7+ Kh8 16. Rfe1 Nhf6 17. Bd3 Bxd3 18. Qxd3 b5 19. e4 dxe4 20. Nxe4 Nd5 21. g3 Rg8 22. Nd6 Bxd6 23. cxd6 g5 24. Ne5 Nxe5 25. Rxe5 f6 26. Re2 gxh4 27. Qd2 Rg6 28. Kh1 hxg3 29. fxg3 Qd7 30. Qd3 Kg7 31. Rae1 f5 32. Rf2 Qxd6 33. Rg1 Nb4 34. Qe3 Nxa2 35. Qe5+ Qxe5 36. dxe5 c5 37. h3 Rg8 38. g4 fxg4 39. hxg4 a5 40. Rfg2 Nb4 41. g5 hxg5 42. Rxg5 Rxg5 43. Rxg5+ Kf7 44. Rg2 Nd3 45. b3 Nxe5 46. Re2 Nd7 0-1

[Event "Florianopolis op 9th"]
[Site "Florianopolis"]
[Date "2023.01.25"]
[Round "4"]
[White "Biazon, Heloise De Oliveira"]
[Black "Monici, Arthur Brecht De Fr"]
[Result "0-1"]
[WhiteElo "1773"]
[BlackElo "1511"]
[PlyCount "102"]
[EventDate "2023.01.23"]
[EventType "swiss"]
[EventRounds "10"]
[EventCountry "BRA"]
[SourceTitle "CBM 212 Extra"]
[Source "ChessBase"]
[SourceDate "2023.03.31"]
[SourceVersion "1"]
[SourceVersionDate "2023.03.31"]
[SourceQuality "1"]

1. d4 d5 2. Bf4 Nf6 3. e3 c5 4. c3 Nc6 5. Nf3 Qb6 6. Qc2 c4 7. Be2 Bf5 8. Qc1 e6 9. 0-0 Be7 10. Nbd2 0-0 11. b3 cxb3 12. axb3 Rac8 13. c4 Nb4 14. Qd1 Bc2 15. Qc1 Bf5 16. Nh4 Bd3 17. Bxd3 Nxd3 18. Qc3 Nxf4 19. exf4 Bb4 20. Qd3 Bxd2 21. Qxd2 Qxb3 22. c5 Qb5 23. f5 Ne4 24. Qf4 Qd7 25. f3 Nf6 26. Qg3 Qc7 27. Qxc7 Rxc7 28. fxe6 fxe6 29. Rfe1 Rc6 30. f4 b6 31. cxb6 Rxb6 32. f5 Ne4 33. fxe6 Rxe6 34. Nf3 a5 35. Nd2 Ra8 36. Nxe4 Rxe4 37. Rxe4 dxe4 38. Kf2 Kf7 39. Ke3 a4 40. Kxe4 a3 41. d5 Ke7 42. Kd4 a2 43. Kc5 Kd7 44. g4 g5 45. Kb4 Kd6 46. Kb3 Kxd5 47. Kb2 Ke4 48. Re1+ Kf3 49. h3 a1Q+ 50. Rxa1 Rxa1 51. Kxa1 Kg3 0-1